Catálogo público

Normal view MARC view

Entry Nombre personal

Number of records used in: 1

001 - NÚMERO DE CONTROL

  • campo de control: 175483

003 - IDENTIFICADOR DEL NÚMERO DE CONTROL

  • campo de control: OSt

005 - FECHA Y HORA DE LA ÚLTIMA TRANSACCIÓN

  • campo de control: 20220329143211.0

008 - DATOS DE LONGITUD FIJA

  • campo de control de longitud fija: 220329|| aca||aabn | a|a d

040 ## - FUENTE DE LA CATALOGACIÓN

  • Centro catalogador/agencia de origen: OSt
  • Centro/agencia transcriptor: OSt

100 ## - ENCABEZAMIENTO-NOMBRE DE PERSONA

  • Nombre de persona: Oliveros Perez, Bernardino

670 ## - FUENTE DE DATOS ENCONTRADOS

  • Cita de la fuente: Work cat.: (OSt)93205: Oliveros Perez, Bernardino., Diagnóstico y propuesta de modernización de las unidades de riego "San José El Jazmín" y "La Maravillosa", Palmar de Bravo, Puebla /, 2006.